Write to TV : out of your head and onto the screen
| Main Author: | Cook, Martie |
|---|---|
| Language: | English |
| Published: |
Amsterdam:
Focal Press,
2007.
|
| Subjects: |
| LEADER | 00604cam a2200193 7i4500 | ||
|---|---|---|---|
| 001 | 0000020818 | ||
| 005 | 20090715090000.0 | ||
| 008 | 080303 eng | ||
| 020 | |a 9780240808765 (pbk.) | ||
| 020 | |a 0240808762 (pbk.) | ||
| 040 | |a DLC | ||
| 090 | 0 | 0 | |a PN1992.7 |b .C53 2007 |
| 100 | 1 | |a Cook, Martie | |
| 245 | 1 | 0 | |a Write to TV : |b out of your head and onto the screen |c Martie Cook. |
| 260 | |a Amsterdam: |b Focal Press, |c 2007. | ||
| 300 | |a xxiv, 323 p.; |c 23 cm. | ||
| 500 | |a Includes index | ||
| 650 | 0 | 0 | |a Television authorship |
| 999 | |a 0000030335 |b BOK |c OPEN SHELF |e 1st Floor, Bestari Jaya | ||


